Human Anatomy and Physiology-II (Record no. 13452)
[ view plain ]
| 000 -LEADER | |
|---|---|
| fixed length control field | 00484nam a22001937a 4500 |
| 003 - CONTROL NUMBER IDENTIFIER | |
| control field | OSt |
| 008 - FIXED-LENGTH DATA ELEMENTS--GENERAL INFORMATION | |
| fixed length control field | 250426b |||||||| |||| 00| 0 eng d |
| 020 ## - INTERNATIONAL STANDARD BOOK NUMBER | |
| International Standard Book Number | 9789384266998 |
| 082 ## - DEWEY DECIMAL CLASSIFICATION NUMBER | |
| Classification number | 612 ARH |
| 100 ## - MAIN ENTRY--PERSONAL NAME | |
| Personal name | Arora, Namita |
| 245 ## - TITLE STATEMENT | |
| Title | Human Anatomy and Physiology-II |
| 260 ## - PUBLICATION, DISTRIBUTION, ETC. (IMPRINT) | |
| Place of publication, distribution, etc | Delhi |
| Name of publisher, distributor, etc | Birla Pub. |
| Date of publication, distribution, etc | 2024 |
| 300 ## - PHYSICAL DESCRIPTION | |
| Extent | viii,203 |
| 650 ## - SUBJECT ADDED ENTRY--TOPICAL TERM | |
| Topical term or geographic name as entry element | Human Anatomy and Physiology-II |
| 700 ## - ADDED ENTRY--PERSONAL NAME | |
| Personal name | Arora, Pankaj |
| 700 ## - ADDED ENTRY--PERSONAL NAME | |
| Personal name | Sharma, Amit |
| 700 ## - ADDED ENTRY--PERSONAL NAME | |
| Personal name | sharma, Shurbhi |
| 942 ## - ADDED ENTRY ELEMENTS (KOHA) | |
| Source of classification or shelving scheme | Dewey Decimal Classification |
| Koha item type | Text Books |
| Withdrawn status | Lost status | Source of classification or shelving scheme | Damaged status | Not for loan | Collection code | Home library | Current library | Date acquired | Source of acquisition | Currency | Cost, normal purchase price | Bill Number | Total Checkouts | Full call number | Acc. no. / Barcode | Date last seen | Actual Cost, discounted price | Bill Date | Koha item type | Date last borrowed |
|---|---|---|---|---|---|---|---|---|---|---|---|---|---|---|---|---|---|---|---|---|
| Dewey Decimal Classification | Diploma in Pharmacy | PIET C-LIBRARY | PIET C-LIBRARY | 15/04/2025 | Zafaa Books Distributres | Rs | 250.00 | ZBD0027 | 612 ARH | DP1412 | 26/04/2025 | 175.00 | 11/04/2025 | Reference Books | ||||||
| Dewey Decimal Classification | Diploma in Pharmacy | PIET C-LIBRARY | PIET C-LIBRARY | 15/04/2025 | Zafaa Books Distributres | Rs | 250.00 | ZBD0027 | 612 ARH | DP1413 | 26/04/2025 | 175.00 | 11/04/2025 | Text Books | ||||||
| Dewey Decimal Classification | Diploma in Pharmacy | PIET C-LIBRARY | PIET C-LIBRARY | 15/04/2025 | Zafaa Books Distributres | Rs | 250.00 | ZBD0027 | 1 | 612 ARH | DP1414 | 28/05/2025 | 175.00 | 11/04/2025 | Text Books | 13/05/2025 | ||||
| Dewey Decimal Classification | Diploma in Pharmacy | PIET C-LIBRARY | PIET C-LIBRARY | 15/04/2025 | Zafaa Books Distributres | Rs | 250.00 | ZBD0027 | 612 ARH | DP1415 | 26/04/2025 | 175.00 | 11/04/2025 | Text Books | ||||||
| Dewey Decimal Classification | Diploma in Pharmacy | PIET C-LIBRARY | PIET C-LIBRARY | 15/04/2025 | Zafaa Books Distributres | Rs | 250.00 | ZBD0027 | 612 ARH | DP1416 | 26/04/2025 | 175.00 | 11/04/2025 | Text Books |